000 01072nam a2200313 a 4500
001 vtls001560003
003 NLI
005 20210627154647.0
008 121213s1979 dcu f000 0 eng
039 9 _y201212131743
_zVLOAD
040 _aNLI
_beng
_cDatasoft_FOD_7
_eAACR2
041 0 _aeng
044 _a dcu
082 0 4 _a 333.79320973
245 0 0 _aU.S.S.R. colloquium on magneto hydro dynamic :
_belectrical power generation late paper /
_cD. K. Burenkov... [et al.]
260 _aWashington, D.C. :
_bU.S. Government Printing Office,
_c1979
300 _a258 p. ;
_c28 cm.
500 _aCONF/781009-1
650 0 _aElectric utilities
_zUnited States
_9721977
650 0 _aElectric power
_zUnited States
_9737812
700 1 _aBurenkov, D. K.,
_4jt. aut
_91056261
710 1 _aUnited States.
_bDepartment of Energy
_9706810
887 _a
901 _aAD 108300
_b29.09.10
_91979
902 _aU.S 333.79320973 Us 7
904 _lF 4127
949 _AVIRTUAITEM
_D10002
_X100
_6FOD000108300ENG
_91979
942 _00
_10
_40
_70
_aNLI
_bNLI
_yBKS
_d-
999 _aVIRTUA40
_c1009779
_d1009779